00886nam a22002297a 45000010005000000030009000050050017000140080041000310200028000720400028001000820020001281000023001482450138001712500012003092600053003213000029003744400055004035040064004586500061005226500044005837000029006274264BD-DhUAP20200219111014.0200219s1997 cau b 001 0 eng  a0787908509 (alk. paper) aDLCcDLCdBD-DhUAPbEng00223a370.115 GUA1 aGuarasci, Richard.10aDemocratic education in an age of difference :bredefining citizenship in higher education /cRichard Guarasci and Grant H. Cornwell. a1st ed. aSan Francisco :bJossey-Bass Publishers,cc1997. axxi, 180 pages ;c24 cm. 4aThe Jossey-Bass higher and adult education series. aIncludes bibliographical references (p. 171-176) and index. 0aCitizenshipxStudy and teaching (Higher)zUnited States. 0aMulticultural educationzUnited States.1 aCornwell, Grant Hermans.